000 00650nam a2200193 i 4500
001 81511
003 ES-MaACL
005 20230906174443.0
007 t|
008 041104s1949 sp ||||1| spa d
100 1 _aHurtado y J. de la Serna, Juan.
_9153193
245 1 0 _aHistoria de la literatura española /
_cpor Juan Hurtado y Jiménez de la Serna y Angel González-Palencia.
250 _a6ª ed., corr y aum.
260 _aMadrid :
_bSaeta,
_c1949 (
_fTall. Gráfs. Montaña)
300 _a1102 p. ;
_c25 cm.
700 1 _aGonzález Palencia, Ángel,
_d1889-1949
_958854
852 _aES-MaACL
_jA-83
_bR.28597
999 _c81511
_d81511